000 00476nam a22001817a 4500
003 CEME
005 20210628203044.0
008 210218b xxu||||| |||| 00| 0 eng d
020 _a0-521-44554-X
040 _c.
082 _a519.5 FRA
100 _aFrank, Harry,Althoen, Steven.C
_963066
245 _aStatistics,concepts and applications
260 _aNEW YORK
_bCAMBRIDGE UNIVERSITY PRESS
_c1994
300 _aXXV,853P
650 _aSTATISTICS
_969
942 _cBK
_2ddc
999 _c572005
_d572005